书目信息 |
| 题名: |
营运车辆燃料消耗量限值的研究与应用
|
|
| 作者: | 刘莉 , 阳冬波 主编 | |
| 分册: | ||
| 出版信息: | 北京 人民交通出版社 2012 |
|
| 页数: | 197页 | |
| 开本: | 23cm | |
| 丛书名: | ||
| 单 册: | ||
| 中图分类: | U461.8 | |
| 科图分类: | ||
| 主题词: | 车辆--燃料消耗量--剂量限值--研究 | |
| 电子资源: | ||
| ISBN: | 978-7-114-09847-5 | |
| 000 | 00915nam0 2200241 450 | |
| 001 | 012015000525 | |
| 005 | 20150911082803.42 | |
| 010 | @a978-7-114-09847-5@dCNY32.00 | |
| 100 | @a20130407d2012 em y0chiy50 ea | |
| 101 | 0 | @achi |
| 102 | @aCN@b110000 | |
| 105 | @ay z 000yy | |
| 106 | @ar | |
| 200 | 1 | @a营运车辆燃料消耗量限值的研究与应用@9ying yun che liang ran liao xiao hao liang xian zhi de yan jiu yu ying yong@f刘莉,阳冬波主编 |
| 210 | @a北京@c人民交通出版社@d2012 | |
| 215 | @a197页@d23cm | |
| 330 | @a本书系统介绍了我国营运车辆燃料消耗量测量方法和限值的制定过程,详细阐述了我国营运车辆燃料消耗量限值管理相关政策和具体的操作过程,是对我国营运车辆燃料消耗量限值管理研究工作的总结。 | |
| 606 | 0 | @a车辆@x燃料消耗量@x剂量限值@x研究 |
| 690 | @aU461.8@v5 | |
| 701 | 0 | @a刘莉@9liu li@4主编 |
| 701 | 0 | @a阳冬波@9yang dong bo@4主编 |
| 801 | 0 | @aCN@b碧洲教育@c20150716 |
| 905 | @a10447@f4@dU461.8@e235 | |
| 营运车辆燃料消耗量限值的研究与应用/刘莉,阳冬波主编.-北京:人民交通出版社,2012 |
| 197页;23cm |
| ISBN 978-7-114-09847-5:CNY32.00 |
| 本书系统介绍了我国营运车辆燃料消耗量测量方法和限值的制定过程,详细阐述了我国营运车辆燃料消耗量限值管理相关政策和具体的操作过程,是对我国营运车辆燃料消耗量限值管理研究工作的总结。 |
| ● |
| 相关链接 |
|
|
|
|
正题名:营运车辆燃料消耗量限值的研究与应用
索取号:U461.8/235
 
预约/预借
| 序号 | 登录号 | 条形码 | 馆藏地/架位号 | 状态 | 备注 |
| 1 | 0849031 | 208490319 | 第二样本阅览室/ [索取号:U461.8/235] | 在馆 | |
| 2 | 0849032 | 208490328 | 第三借阅区/ [索取号:U461.8/235] | 在馆 | |
| 3 | 0849033 | 208490337 | 第三借阅区/ [索取号:U461.8/235] | 在馆 | |
| 4 | 0849034 | 208490346 | 物理系资料室/ [索取号:U461.8/235] | 在馆 |